[Event "Titled Tuesday intern op 06th May Early"]
[Site "Chess.com INT"]
[Date "2025.05.06"]
[Round "8"]
[White "Ibarra, Carlos Roberto"]
[Black "Nikulina, Alena"]
[Result "0-1"]
[WhiteElo "2117"]
[BlackElo "1875"]
[PlyCount "28"]
[EventDate "2025.05.06"]
[EventType "swiss (blitz)"]
[EventRounds "11"]
[EventCountry "USA"]
[SourceTitle "CB20_2025"]
[SourceDate "2025.05.14"]
[SourceVersion "1"]
[SourceVersionDate "2025.05.14"]
[SourceQuality "1"]

1. d4 d5 2. Nc3 Nf6 3. Bf4 a6 4. e3 c5 5. dxc5 e6 6. Na4 Qa5+ 7. c3 Bxc5 8. b4 Bxb4 9. cxb4 Qxb4+ 10. Ke2 Bd7 11. Rb1 Bb5+ 12. Kf3 Qe4+ 13. Kg3 Bxa4 14. Qc1 Qg6+ 0-1

[Event "San Jose Metropolitano op-A 45th"]
[Site "San Jose"]
[Date "2024.12.29"]
[Round "8"]
[White "Almeida Quintana, Omar"]
[Black "Ibarra, Carlos Roberto"]
[Result "1-0"]
[WhiteElo "2487"]
[BlackElo "2079"]
[PlyCount "63"]
[EventDate "2024.12.26"]
[EventType "swiss"]
[EventRounds "9"]
[EventCountry "CRI"]
[SourceTitle "CB02_2025"]
[SourceDate "2025.01.08"]
[SourceVersion "1"]
[SourceVersionDate "2025.01.08"]
[SourceQuality "1"]

1. Nf3 Nf6 2. d4 d5 3. c4 c6 4. Nc3 Bf5 5. Qb3 Qb6 6. c5 Qxb3 7. axb3 Na6 8. e4 dxe4 9. Bxa6 bxa6 10. Ne5 Nd5 11. Nxc6 Nc7 12. Bf4 Bd7 13. Bxc7 Bxc6 14. d5 Bb5 15. Nxb5 axb5 16. Ra6 g6 17. Ke2 Bg7 18. Rha1 Bxb2 19. Rxa7 Rxa7 20. Rxa7 0-0 21. Ba5 Rc8 22. b4 Kf8 23. Rb7 Be5 24. h3 f5 25. Rxb5 Bd4 26. Rb7 Bxc5 27. bxc5 Rxc5 28. Bb4 Rxd5 29. Bxe7+ Kg8 30. Bf6 Rc5 31. Rg7+ Kf8 32. Be7+ 1-0

[Event "San Jose Metropolitano op-A 45th"]
[Site "San Jose"]
[Date "2024.12.27"]
[Round "3"]
[White "Ibarra, Carlos Roberto"]
[Black "Garcia, Angie"]
[Result "1-0"]
[WhiteElo "2079"]
[BlackElo "1951"]
[PlyCount "47"]
[EventDate "2024.12.26"]
[EventType "swiss"]
[EventRounds "9"]
[EventCountry "CRI"]
[SourceTitle "CB02_2025"]
[SourceDate "2025.01.08"]
[SourceVersion "1"]
[SourceVersionDate "2025.01.08"]
[SourceQuality "1"]

1. e4 e6 2. d4 d5 3. exd5 exd5 4. Nf3 Nf6 5. Bd3 Bd6 6. 0-0 0-0 7. Bg5 h6 8. Bh4 Bg4 9. h3 Bh5 10. Nbd2 Bf4 11. c3 c6 12. Qc2 Qd6 13. Ne5 Nbd7 14. g4 Nxe5 15. dxe5 Qxe5 16. Nf3 Qd6 17. Bxf6 Qxf6 18. gxh5 Rae8 19. Rae1 Bc7 20. Bh7+ Kh8 21. Qf5 Qd6 22. Rxe8 Rxe8 23. Re1 Rxe1+ 24. Nxe1 1-0

[Event "San Jose Metropolitano op-A 45th"]
[Site "San Jose"]
[Date "2024.12.27"]
[Round "4"]
[White "Ibarra, Carlos Roberto"]
[Black "Melendez, Manuel A"]
[Result "1/2-1/2"]
[WhiteElo "2079"]
[BlackElo "2140"]
[PlyCount "26"]
[EventDate "2024.12.26"]
[EventType "swiss"]
[EventRounds "9"]
[EventCountry "CRI"]
[SourceTitle "CB02_2025"]
[SourceDate "2025.01.08"]
[SourceVersion "1"]
[SourceVersionDate "2025.01.08"]
[SourceQuality "1"]

1. d4 d5 2. e3 e6 3. Bd3 Bd6 4. f4 f5 5. Nf3 Nf6 6. 0-0 0-0 7. c3 c6 8. Ne5 Ne4 9. Nd2 Nd7 10. Nxe4 fxe4 11. Be2 Nxe5 12. fxe5 Be7 13. Rxf8+ Qxf8 1/2-1/2

[Event "Titled Tuesday intern op 30th Jul Late"]
[Site "Chess.com INT"]
[Date "2024.07.30"]
[Round "9"]
[White "Ersoz, Teoman Guney"]
[Black "Ibarra, Carlos Roberto"]
[Result "1-0"]
[WhiteElo "2066"]
[BlackElo "2134"]
[PlyCount "89"]
[EventDate "2024.07.30"]
[EventType "swiss (blitz)"]
[EventRounds "11"]
[EventCountry "USA"]
[SourceTitle "EXT 2025"]
[Source "ChessBase"]
[SourceDate "2024.10.14"]
[SourceVersion "1"]
[SourceVersionDate "2024.10.14"]
[SourceQuality "1"]

1. e4 c5 2. Nf3 Nc6 3. d4 cxd4 4. Nxd4 g6 5. Nc3 Bg7 6. Be3 Nf6 7. Bc4 0-0 8. Bb3 d6 9. 0-0 Ng4 10. Nxc6 Nxe3 11. Nxd8 Nxd1 12. Raxd1 Rxd8 13. Rd3 Be6 14. Nd5 Rd7 15. c3 Rc8 16. Ba4 Bxd5 17. Bxd7 Bxe4 18. Rxd6 Rd8 19. Rd2 e6 20. Rfd1 Bh6 21. Rd4 Bc2 22. Re1 Bg7 23. Rd2 Ba4 24. Red1 Bxd1 25. Rxd1 Kf8 26. Kf1 Ke7 27. Ba4 Rxd1+ 28. Bxd1 Kd6 29. Ke2 Kc5 30. Kd3 a5 31. Bf3 b5 32. b3 b4 33. cxb4+ Kxb4 34. Bc6 Ka3 35. Be8 f6 36. Bf7 e5 37. Bg8 Kxa2 38. Kc4 h6 39. Bf7 g5 40. Kb5 Bf8 41. b4+ Kb2 42. bxa5 Bd6 43. a6 Bb8 44. Kb6 Kc3 45. Kb7 1-0

[Event "Titled Tuesday intern op 30th Jul Late"]
[Site "Chess.com INT"]
[Date "2024.07.30"]
[Round "7"]
[White "Ibarra, Carlos Roberto"]
[Black "Hrebenshchykova, Yelyzaveta"]
[Result "1-0"]
[WhiteElo "2134"]
[BlackElo "2301"]
[PlyCount "91"]
[EventDate "2024.07.30"]
[EventType "swiss (blitz)"]
[EventRounds "11"]
[EventCountry "USA"]
[SourceTitle "EXT 2025"]
[Source "ChessBase"]
[SourceDate "2024.10.14"]
[SourceVersion "1"]
[SourceVersionDate "2024.10.14"]
[SourceQuality "1"]

1. e4 c5 2. Nc3 Nc6 3. g3 g6 4. Bg2 Bg7 5. d3 d6 6. f4 e6 7. Nf3 Nge7 8. 0-0 0-0 9. Rb1 Rb8 10. a4 a6 11. Be3 Nd4 12. Ne2 Nxf3+ 13. Bxf3 Bd7 14. c3 Qa5 15. Ra1 Rfc8 16. g4 f5 17. gxf5 exf5 18. Qb3+ Kh8 19. Qf7 Qd8 20. d4 fxe4 21. Bxe4 Nf5 22. Bf2 Qe8 23. Qxe8+ Rxe8 24. Bf3 cxd4 25. Nxd4 Nxd4 26. Bxd4 Bxd4+ 27. cxd4 b6 28. b3 a5 29. Rfe1 Kg7 30. Bd5 Kf6 31. Kf2 Rbc8 32. Rxe8 Bxe8 33. Bc4 Bc6 34. d5 Bd7 35. Re1 Rf8 36. Re4 Rf7 37. Ke3 h6 38. Bf1 g5 39. fxg5+ hxg5 40. Kd4 Kg7 41. Bd3 Bf5 42. Re8 Bxd3 43. Kxd3 Rf3+ 44. Kc4 Rf4+ 45. Kb5 Kf7 46. Re3 1-0

[Event "Titled Tuesday intern op 30th Jul Late"]
[Site "Chess.com INT"]
[Date "2024.07.30"]
[Round "3"]
[White "Schmakel, Sam A"]
[Black "Ibarra, Carlos Roberto"]
[Result "1-0"]
[WhiteElo "2442"]
[BlackElo "2134"]
[PlyCount "45"]
[EventDate "2024.07.30"]
[EventType "swiss (blitz)"]
[EventRounds "11"]
[EventCountry "USA"]
[SourceTitle "EXT 2025"]
[Source "ChessBase"]
[SourceDate "2024.10.14"]
[SourceVersion "1"]
[SourceVersionDate "2024.10.14"]
[SourceQuality "1"]

1. e4 c5 2. Nf3 Nc6 3. d4 cxd4 4. Nxd4 g6 5. Nc3 Bg7 6. Be3 Nf6 7. Bc4 0-0 8. Bb3 d6 9. f3 Bd7 10. h4 h5 11. Qd2 a6 12. 0-0-0 b5 13. g4 hxg4 14. h5 gxh5 15. Nxc6 Bxc6 16. Bh6 e6 17. Bxg7 Kxg7 18. Qg5+ Kh8 19. Rxh5+ Nxh5 20. Qxh5+ Kg7 21. Qxg4+ Kf6 22. Qh4+ Ke5 23. f4# 1-0

[Event "American Continental 16th"]
[Site "San Salvador"]
[Date "2022.05.03"]
[Round "2"]
[White "Garcia Almaguer, Juan Manuel"]
[Black "Ibarra, Carlos Roberto"]
[Result "1/2-1/2"]
[WhiteElo "2102"]
[BlackElo "1739"]
[PlyCount "73"]
[EventDate "2022.05.02"]
[EventType "swiss"]
[EventRounds "11"]
[EventCountry "ESA"]
[SourceTitle "CBM 208 Extra"]
[Source "ChessBase"]
[SourceDate "2022.07.31"]
[SourceVersion "1"]
[SourceVersionDate "2022.07.31"]
[SourceQuality "1"]

1. c4 c5 2. Nf3 Nc6 3. d4 cxd4 4. Nxd4 g6 5. e4 Bg7 6. Be3 Nf6 7. Nc3 0-0 8. Be2 d6 9. 0-0 Bd7 10. h3 Nxd4 11. Bxd4 Bc6 12. Qc2 Nd7 13. Bxg7 Kxg7 14. b4 b6 15. Rad1 a5 16. a3 Qc7 17. f4 f6 18. Bg4 axb4 19. axb4 b5 20. Bxd7 Bxd7 21. c5 dxc5 22. Nd5 Qa7 23. Ra1 Qxa1 24. Rxa1 Rxa1+ 25. Kh2 c4 26. Qb2 Re1 27. Qd2 Rxe4 28. Nc3 Bc6 29. Nxe4 Bxe4 30. Qd7 Bf5 31. Qxe7+ Rf7 32. Qc5 Be4 33. Qxb5 c3 34. Qc5 c2 35. b5 Rd7 36. b6 Rd2 37. h4 1/2-1/2

[Event "American Continental 16th"]
[Site "San Salvador"]
[Date "2022.05.03"]
[Round "3"]
[White "Ibarra, Carlos Roberto"]
[Black "Barrera Meza, Carlos"]
[Result "0-1"]
[WhiteElo "1739"]
[BlackElo "2143"]
[PlyCount "50"]
[EventDate "2022.05.02"]
[EventType "swiss"]
[EventRounds "11"]
[EventCountry "ESA"]
[SourceTitle "CBM 208 Extra"]
[Source "ChessBase"]
[SourceDate "2022.07.31"]
[SourceVersion "1"]
[SourceVersionDate "2022.07.31"]
[SourceQuality "1"]

1. d4 Nf6 2. e3 d6 3. f4 Nbd7 4. Nf3 c5 5. Bd3 g6 6. 0-0 Bg7 7. Nbd2 0-0 8. c3 b6 9. e4 cxd4 10. cxd4 e5 11. fxe5 dxe5 12. d5 Nc5 13. Qe2 Nh5 14. Nb3 Nxd3 15. Qxd3 f5 16. Bg5 Qe8 17. Rac1 h6 18. Bd2 Qa4 19. d6 Bb7 20. Rc4 fxe4 21. Qxe4 Qa6 22. Qg4 e4 23. Qe6+ Kh7 24. Nfd4 Rxf1+ 25. Kxf1 Nf6 0-1

[Event "Caribbean-ch U12"]
[Site "San Salvador"]
[Date "2021.11.27"]
[Round "2"]
[White "Linares Orellana, Hector Jose"]
[Black "Ibarra, Carlos Roberto"]
[Result "1/2-1/2"]
[WhiteElo "1178"]
[BlackElo "1469"]
[PlyCount "72"]
[EventDate "2021.11.27"]
[EventType "swiss"]
[EventRounds "9"]
[EventCountry "ESA"]
[SourceTitle "EXT 2023"]
[Source "ChessBase"]
[SourceDate "2022.10.05"]
[SourceVersion "1"]
[SourceVersionDate "2022.10.05"]
[SourceQuality "1"]
[WhiteTeam "Guatemala"]
[BlackTeam "El Salvador"]
[WhiteTeamCountry "GUA"]
[BlackTeamCountry "ESA"]

1. e4 c5 2. Nc3 Nc6 3. f4 g6 4. Nf3 Bg7 5. Bb5 d6 6. Bxc6+ bxc6 7. 0-0 e6 8. d3 Ne7 9. Be3 0-0 10. Qd2 Rb8 11. Rab1 a5 12. e5 Nf5 13. exd6 Nxe3 14. Qxe3 Qxd6 15. Ne4 Bd4 16. Nxd4 Qxd4 17. Rfe1 Qg7 18. b3 Rb5 19. a4 Rb4 20. Qxc5 f5 21. Ng5 Rxf4 22. Nxe6 Bxe6 23. Rxe6 Qd7 24. Rxc6 Re8 25. Rf1 Rb4 26. Qd6 Qa7+ 27. Qc5 Qd7 28. Rc7 Qe6 29. Qc3 Qe3+ 30. Kh1 Rd4 31. h3 Re5 32. Rf3 Qc1+ 33. Kh2 Re1 34. Qxd4 Rh1+ 35. Kg3 Qg5+ 36. Kf2 Qd2+ 1/2-1/2

[Event "Pan American-ch U10"]
[Site "Guayaquil"]
[Date "2019.07.22"]
[Round "3"]
[White "Mendoza Insunza, Miguel Angel"]
[Black "Ibarra, Carlos Roberto"]
[Result "1/2-1/2"]
[WhiteElo "1248"]
[BlackElo "1435"]
[PlyCount "47"]
[EventDate "2019.07.21"]
[EventType "swiss"]
[EventRounds "9"]
[EventCountry "ECU"]
[SourceTitle "EXT 2020"]
[Source "ChessBase"]
[SourceDate "2019.10.17"]
[SourceVersion "1"]
[SourceVersionDate "2019.10.17"]
[SourceQuality "1"]

1. e4 c5 2. g3 Nc6 3. Bg2 g6 4. Ne2 Bg7 5. 0-0 Nf6 6. c3 0-0 7. d4 cxd4 8. cxd4 d5 9. e5 Ne8 10. f4 f6 11. Nbc3 Be6 12. Be3 Nc7 13. Qd2 Bf5 14. h3 fxe5 15. dxe5 Be6 16. Rad1 Qd7 17. Nxd5 Nxd5 18. Bxd5 Bxd5 19. Qxd5+ Qxd5 20. Rxd5 Rad8 21. Rfd1 Rxd5 22. Rxd5 Rd8 23. Nc3 Rxd5 24. Nxd5 1/2-1/2